000 00516nam a2200181Ia 4500
003 GCL
008 140319s9999 xx 000 0 eng d
040 _aGCL /
_cGCL
082 0 4 _a624.03
_bS S
100 1 _aSINGH, GURCHARAN
245 1 0 _aSTANDARD HANDBOOK OF CIVIL ENGINEERING /
_cSINGH, GURCHARAN
700 1 _aSINGH, JAGDISH
260 _a[S.N] :
_bSTANDARD PUBLISHERS DISTRIBUTORS ،
_c1992
300 _a1511 P
650 0 4 _aالتحليل الرياضى
650 0 4 _aCIVIL ENGINEERING
942 _2ddc
_cBK
999 _c19787
_d19787